00776nam a2200205 a 450000100100000000500170001000800410002702000150006804000250008324500490010826000610015730000380021850400320025650000730028850000210036170000340038270000320041695201050044899900170055300004010320201002033923.0130807s1987 sp 000 0 spa d a8400068408 aDO-SdBNPbspacBNPHU00aArcóbriga :b(Monreal de Ariza, Zaragoza). aZaragoza :bInstitución Fernando el Católico,c1987. a141 p. :bil.+láminas ;c31 cm. aBibliografía : p. 133-135 aIncluye referencias bibliográficas y notas al pie de las páginas aIncluye índice1 aCerralbo, Marqués de9663661 aLloris, Miguel,eed.966367 001050718MOaGRbGRcCTd2013-08-07iLF1l0o p40103-10r2020-06-25w2020-06-25y1ZNo se presta c39593d39593